<?xml version="1.0" encoding="UTF-8"?><?xml-stylesheet type="text/xsl" href="static/style.xsl"?><OAI-PMH xmlns="http://www.openarchives.org/OAI/2.0/" xmlns:xsi="http://www.w3.org/2001/XMLSchema-instance" xsi:schemaLocation="http://www.openarchives.org/OAI/2.0/ http://www.openarchives.org/OAI/2.0/OAI-PMH.xsd"><responseDate>2026-06-02T06:07:06Z</responseDate><request verb="GetRecord" identifier="oai:riuma.uma.es:10630/23907" metadataPrefix="marc">https://riuma.uma.es/rest/oai/request</request><GetRecord><record><header><identifier>oai:riuma.uma.es:10630/23907</identifier><datestamp>2026-02-03T12:31:20Z</datestamp><setSpec>com_10630_2254</setSpec><setSpec>col_10630_37959</setSpec></header><metadata><record xmlns="http://www.loc.gov/MARC21/slim" xmlns:dcterms="http://purl.org/dc/terms/" xmlns:doc="http://www.lyncode.com/xoai" xmlns:xsi="http://www.w3.org/2001/XMLSchema-instance" xsi:schemaLocation="http://www.loc.gov/MARC21/slim http://www.loc.gov/standards/marcxml/schema/MARC21slim.xsd">
   <leader>00925njm 22002777a 4500</leader>
   <datafield ind2=" " ind1=" " tag="042">
      <subfield code="a">dc</subfield>
   </datafield>
   <datafield ind2=" " ind1=" " tag="720">
      <subfield code="a">Canto García, Alberto José</subfield>
      <subfield code="e">author</subfield>
   </datafield>
   <datafield ind2=" " ind1=" " tag="260">
      <subfield code="c">2022-04-20</subfield>
   </datafield>
   <datafield ind2=" " ind1=" " tag="520">
      <subfield code="a">Máster Patrimonio Histórico y Literario de la Antigüedad: &#xd;
Seminario: De Hispania a Al-Andalus: evidencias epigráficas y numismáticas&#xd;
&#xd;
1.	Epigrafía y Numismática, las “hermanas auxiliares” de la Historia:&#xd;
a.	Dos disciplinas de sólida y tradicional trayectoria&#xd;
b.	Fuerte contenido metodológico&#xd;
c.	Muy ligadas a los estudios filológicos en sus comienzos&#xd;
d.	Unidas por la epigrafía&#xd;
&#xd;
2.	Epigrafía&#xd;
a.	Consolidada como disciplina&#xd;
b.	Del Corpus Inscriptionum Latinarum al Corpus Inscriptionum Arabicorum ¿…y el Corpus Inscriptionum Andalusicorum?&#xd;
c.	Thesaurus d’Epigraphie Islamique Fondation Max van Berchem.	http://www.epigraphie-islamique.uliege.be&#xd;
d.	Tipología clásica de epígrafes&#xd;
e.	La instrumenta varia&#xd;
f.	Ejemplos&#xd;
&#xd;
3.	Numismática&#xd;
&#xd;
a.	Desarrollo espectacular en los últimos cuarenta años&#xd;
b.	Circulación&#xd;
c.	Hallazgos&#xd;
d.	Metrología&#xd;
e.	Aleaciones&#xd;
f.	Novedades&#xd;
g.	Repertorios&#xd;
&#xd;
La única de las ciencias históricas en cuyo desarrollo la aportación no académica es esencial.&#xd;
&#xd;
Sesión de prácticas:&#xd;
Se realizarán (si se considera oportuno) unas prácticas con los alumnos del Master (y alguna persona más de los asistentes si se considera oportuno) sobre una selección de las monedas de la colección docente del Dptº. de Prehistoria y Arqueología de la UAM.&#xd;
-	Identificación&#xd;
-	Lecturas&#xd;
-	Catalogación</subfield>
   </datafield>
   <datafield ind1="8" ind2=" " tag="024">
      <subfield code="a">https://hdl.handle.net/10630/23907</subfield>
   </datafield>
   <datafield tag="653" ind2=" " ind1=" ">
      <subfield code="a">Epigrafía</subfield>
   </datafield>
   <datafield tag="653" ind2=" " ind1=" ">
      <subfield code="a">Numismática islámica</subfield>
   </datafield>
   <datafield tag="653" ind2=" " ind1=" ">
      <subfield code="a">Omeyas - Al-Andalus</subfield>
   </datafield>
   <datafield tag="653" ind2=" " ind1=" ">
      <subfield code="a">Al-Andalus - Historia</subfield>
   </datafield>
   <datafield tag="653" ind2=" " ind1=" ">
      <subfield code="a">España - Historia - 0711-1492 (Época musulmana)</subfield>
   </datafield>
   <datafield ind2="0" ind1="0" tag="245">
      <subfield code="a">Numismática y epigrafía andalusies. Herramientas de trabajo.</subfield>
   </datafield>
</record>
</metadata></record></GetRecord></OAI-PMH>